<?xml version="1.0" encoding="UTF-8"?><?xml-stylesheet type="text/xsl" href="static/style.xsl"?><OAI-PMH xmlns="http://www.openarchives.org/OAI/2.0/" xmlns:xsi="http://www.w3.org/2001/XMLSchema-instance" xsi:schemaLocation="http://www.openarchives.org/OAI/2.0/ http://www.openarchives.org/OAI/2.0/OAI-PMH.xsd"><responseDate>2026-06-06T00:55:28Z</responseDate><request verb="GetRecord" identifier="oai:riuma.uma.es:10630/28393" metadataPrefix="marc">https://riuma.uma.es/rest/oai/request</request><GetRecord><record><header><identifier>oai:riuma.uma.es:10630/28393</identifier><datestamp>2026-02-03T10:27:51Z</datestamp><setSpec>com_10630_1685</setSpec><setSpec>col_10630_38056</setSpec></header><metadata><record xmlns="http://www.loc.gov/MARC21/slim" xmlns:dcterms="http://purl.org/dc/terms/" xmlns:doc="http://www.lyncode.com/xoai" xmlns:xsi="http://www.w3.org/2001/XMLSchema-instance" xsi:schemaLocation="http://www.loc.gov/MARC21/slim http://www.loc.gov/standards/marcxml/schema/MARC21slim.xsd">
   <leader>00925njm 22002777a 4500</leader>
   <datafield ind2=" " ind1=" " tag="042">
      <subfield code="a">dc</subfield>
   </datafield>
   <datafield ind2=" " ind1=" " tag="720">
      <subfield code="a">García Martínez, Ángela</subfield>
      <subfield code="e">author</subfield>
   </datafield>
   <datafield ind2=" " ind1=" " tag="260">
      <subfield code="c">2023</subfield>
   </datafield>
   <datafield ind2=" " ind1=" " tag="520">
      <subfield code="a">En este trabajo se realiza un estudio sobre los diferentes sistemas inmóticos que se utilizan en los museos. En primer lugar, comenzaremos haciendo un recorrido por los términos de museo e inmótica como introducción a una mejor comprensión del tema. En segundo lugar, se centrará en profundidad en la ayuda que causa la inmótica en distintos niveles, tanto en la seguridad como en el confort, propiciando la conservación de las obras de arte y el bienestar de los visitantes. Refiriéndonos al tema de la seguridad, se estudiará, sobre todo, el control a través de cámaras de seguridad y los sistemas de transporte interno del museo. Por su parte, el control de los factores climáticos y ambientales se estudiará atendiendo a distintos niveles: calor, humedad e iluminación. De todo ello, se extraen una serie de conclusiones sobre los efectos positivos y negativos de estas innovaciones que servirán de ayuda para futuras investigaciones en este campo.</subfield>
   </datafield>
   <datafield ind1="8" ind2=" " tag="024">
      <subfield code="a">https://hdl.handle.net/10630/28393</subfield>
   </datafield>
   <datafield tag="653" ind2=" " ind1=" ">
      <subfield code="a">Turismo electrónico</subfield>
   </datafield>
   <datafield tag="653" ind2=" " ind1=" ">
      <subfield code="a">Turismo cultural</subfield>
   </datafield>
   <datafield ind2="0" ind1="0" tag="245">
      <subfield code="a">Inmótica en museos</subfield>
   </datafield>
</record>
</metadata></record></GetRecord></OAI-PMH>